| 000 | 01186cam a22003134a 4500 | ||
|---|---|---|---|
| 001 | 12353895 | ||
| 003 | OSt | ||
| 005 | 20150408114150.0 | ||
| 008 | 010321s2002 maua 001 0 eng | ||
| 010 | _a 2001030774 | ||
| 020 | _a0072283645 (alk. paper) | ||
| 020 | _a9780072283648 | ||
| 040 |
_aDLC _cDLC _dDLC |
||
| 042 | _apcc | ||
| 050 | 0 | 0 |
_aTK454 _b.H4 2002 |
| 082 | 0 | 0 |
_a621.319/2 _221 _bHWE |
| 100 | 1 |
_aHayt, William Hart, _d1920- _934370 |
|
| 245 | 1 | 0 |
_aEngineering circuit analysis / _cWilliam H. Hayt, Jr., Jack E. Kemmerly, Steven M. Durbin. |
| 250 | _a6th ed. | ||
| 260 |
_aBoston : _bMcGraw-Hill, _cc2002. |
||
| 300 |
_axviii, 781 p. : _bill. (some col.) ; _c26 cm. + _e1 computer optical disc (4 3/4 in.) |
||
| 650 | 0 |
_aElectric circuit analysis. _96188 |
|
| 650 | 0 |
_aElectric network analysis. _939625 |
|
| 700 | 1 |
_aKemmerly, Jack E. _q(Jack Ellsworth), _d1924- _939626 |
|
| 700 | 1 |
_aDurbin, Steven M. _939627 |
|
| 906 |
_a0 _bvip _corignew _d1 _eocip _f20 _gy-gencatlg |
||
| 942 |
_2ddc _cDVD |
||
| 999 |
_c32002 _d266502 |
||